Abbreviation Game: Measurements (Ditloids) - Statistics

General Stats
  • This quiz has been taken 18 times
    14 since last reset
  • The average score is 8 of 26
Answer Stats
Hint Answer % Correct
2 c in a p 2 cups in a pint
67%
2 p in a q 2 pints in a quart
67%
1,000 m in a k 1,000 meters in a kilometer
58%
5,280 f in a m 5,280 feet in a mile
58%
1,000 g in a k 1,000 grams in a kilogram
50%
12 i in a f 12 inches in a foot
50%
36 i in a y 36 inches in a yard
50%
3 f in a y 3 feet in a yard
50%
16 o in a p 16 ounces in a pound
42%
4 q in a g 4 quarts in a gallon
42%
220 y in a f 220 yards in a furlong
33%
8 o in a c 8 ounces in a cup
33%
2,000 p in a t 2,000 pounds in a ton
25%
3.26 L Y in a p 3.26 light years in a parsec
25%
3 t in a T 3 teaspoons in a tablespoon
25%
8 p in a g 8 pints in a gallon
25%
454 g in a p 454 grams in a pound
17%
6 f in a f 6 feet in a fathom
17%
100 c in a d 100 cents in a dollar
8%
4 p in a b 4 pecks in a bushel
8%
4 q in a d 4 quarters in a dollar
8%
568 m in a p 568 milliliters in a pint
8%
7,926 m = d of the e (at the e) 7,926 miles = diameter of the earth (at the equator)
8%
8 q in a p 8 quarts in a peck
8%
93,000,000 m = 1 A U 93,000,000 miles = 1 astronomical unit
8%
24,901 m = c of the e (at the e) 24,901 miles = circumference of the earth (at the equator)
0%
No matching quizzes found
Score Distribution
Percent of People with Each Score
Percentile by Number Answered
Your Score History
You have not taken this quiz since the last reset